[Event "Королевский Гамбит. Южный Федеральный округ."]
[Date "2025-11-21"]
[Round "4.5"]
[Board "5"]
[White "Семено Андрей"]
[WhiteElo "1029"]
[Black "Гусаков Тимофей"]
[BlackElo "1010"]
[WebSite "https://www.chessopen.ru"]
[GameId "dcc7d8a1-3bcf-4147-b75e-49e46e7d70a9"]
[Result "1-0"]

1. e4 { [%clk 0:10:00] } c6 { [%clk 0:10:00] } 2. d4 { [%clk 0:10:01] } d5 {
[%clk 0:10:00] } 3. f3 { [%clk 0:10:03] } dxe4 { [%clk 0:10:00] } 4. fxe4 {
[%clk 0:10:05] } Nf6 { [%clk 0:09:54] } 5. Nc3 { [%clk 0:10:03] } c5 { [%clk
0:09:47] } 6. d5 { [%clk 0:09:32] } e6 { [%clk 0:09:43] } 7. Bg5 { [%clk
0:09:16] } exd5 { [%clk 0:09:38] } 8. Nxd5 { [%clk 0:08:53] } h6 { [%clk
0:09:27] } 9. Nxf6+ { [%clk 0:08:30] } gxf6 { [%clk 0:09:26] } 10. Qxd8+ {
[%clk 0:08:31] } Kxd8 { [%clk 0:09:16] } 11. Bxf6+ { [%clk 0:08:33] } Be7 {
[%clk 0:09:17] } 12. Bxh8 { [%clk 0:08:34] } Nc6 { [%clk 0:09:19] } 13. O-O-O+
{ [%clk 0:08:34] } Bd7 { [%clk 0:09:18] } 14. Bc4 { [%clk 0:08:27] } Kc7 {
[%clk 0:09:12] } 15. Bc3 { [%clk 0:08:12] } f5 { [%clk 0:09:03] } 16. exf5 {
[%clk 0:07:51] } Bxf5 { [%clk 0:09:03] } 17. Nf3 { [%clk 0:07:42] } Bg4 { [%clk
0:08:52] } 18. Rde1 { [%clk 0:07:37] } Re8 { [%clk 0:08:42] } 19. Ne5 { [%clk
0:07:34] } Nxe5 { [%clk 0:08:40] } 20. Bxe5+ { [%clk 0:07:37] } Kc8 { [%clk
0:08:42] } 21. Bf6 { [%clk 0:07:34] } Kd8 { [%clk 0:08:00] } 22. Bb5 { [%clk
0:07:24] } Kc7 { [%clk 0:07:49] } 23. Bxe8 { [%clk 0:07:18] } Bxf6 { [%clk
0:07:45] } 24. Rhf1 { [%clk 0:07:09] } Bg5+ { [%clk 0:07:40] } 25. Kb1 { [%clk
0:06:53] } Bd2 { [%clk 0:07:27] } 26. Re7+ { [%clk 0:06:47] } Kd8 { [%clk
0:07:26] } 27. Re4 { [%clk 0:06:41] } Bf5 { [%clk 0:07:14] } 28. Rxf5 { [%clk
0:06:27] } 1-0

[Event "Королевский Гамбит. Южный Федеральный округ."]
[Date "2025-11-21"]
[Round "4.6"]
[Board "6"]
[White "Безух Николай"]
[WhiteElo "1010"]
[Black "Сорокина София"]
[BlackElo "990"]
[WebSite "https://www.chessopen.ru"]
[GameId "1dd7f277-3d20-4111-9f26-5c74c10791a0"]
[Result "1-0"]

1. e4 { [%clk 0:10:00] } d5 { [%clk 0:10:00] } 2. exd5 { [%clk 0:09:57] } Qxd5
{ [%clk 0:09:55] } 3. Nc3 { [%clk 0:09:58] } Qa5 { [%clk 0:09:54] } 4. d4 {
[%clk 0:09:55] } c6 { [%clk 0:09:51] } 5. Bd2 { [%clk 0:09:53] } Qc7 { [%clk
0:09:52] } 6. Nf3 { [%clk 0:09:49] } Bf5 { [%clk 0:09:41] } 7. Bd3 { [%clk
0:09:45] } Bxd3 { [%clk 0:09:38] } 8. cxd3 { [%clk 0:09:45] } Qb6 { [%clk
0:09:39] } 9. O-O { [%clk 0:09:43] } e5 { [%clk 0:09:33] } 10. dxe5 { [%clk
0:09:39] } Nd7 { [%clk 0:09:34] } 11. d4 { [%clk 0:09:39] } Ne7 { [%clk
0:09:29] } 12. h3 { [%clk 0:09:31] } Nf5 { [%clk 0:09:27] } 13. Re1 { [%clk
0:09:09] } Nxd4 { [%clk 0:09:17] } 14. Nxd4 { [%clk 0:09:05] } Qxd4 { [%clk
0:09:15] } 15. Re4 { [%clk 0:08:59] } Qb6 { [%clk 0:09:11] } 16. Be3 { [%clk
0:08:48] } Qxb2 { [%clk 0:09:09] } 17. Bd2 { [%clk 0:08:36] } Be7 { [%clk
0:08:56] } 18. Rb1 { [%clk 0:08:33] } Qa3 { [%clk 0:08:54] } 19. Rb3 { [%clk
0:08:29] } Qa6 { [%clk 0:08:51] } 20. Qg4 { [%clk 0:08:11] } g6 { [%clk
0:08:16] } 21. Bg5 { [%clk 0:07:53] } Bxg5 { [%clk 0:08:04] } 22. Qxg5 { [%clk
0:07:54] } O-O { [%clk 0:07:53] } 23. Qh6 { [%clk 0:07:46] } Nc5 { [%clk
0:07:51] } 24. Rh4 { [%clk 0:07:46] } Rfc8 { [%clk 0:07:19] } 25. Qxh7+ { [%clk
0:07:42] } Kf8 { [%clk 0:07:16] } 26. Rb1 { [%clk 0:07:33] } Qd3 { [%clk
0:07:08] } 27. Rf4 { [%clk 0:07:18] } Qd7 { [%clk 0:06:30] } 28. Rd1 { [%clk
0:07:14] } Qe7 { [%clk 0:06:22] } 29. Ne4 { [%clk 0:06:46] } Qc7 { [%clk
0:04:44] } 30. Nxc5 { [%clk 0:06:37] } Re8 { [%clk 0:04:18] } 31. Rd7 { [%clk
0:06:14] } Qxd7 { [%clk 0:03:47] } 32. Nxd7+ { [%clk 0:06:14] } Ke7 { [%clk
0:03:47] } 33. Qxf7+ { [%clk 0:06:14] } Kd8 { [%clk 0:03:48] } 34. Rd4 { [%clk
0:06:02] } c5 { [%clk 0:03:36] } 35. Nb6+ { [%clk 0:06:01] } cxd4 { [%clk
0:03:30] } 36. Qd7# { [%clk 0:06:01] } 1-0

[Event "Королевский Гамбит. Южный Федеральный округ."]
[Date "2025-11-21"]
[Round "4.6"]
[Board "6"]
[White "Данил Пила"]
[WhiteElo "981"]
[Black "Муцольгов Мухаммад"]
[BlackElo "984"]
[WebSite "https://www.chessopen.ru"]
[GameId "dc72c667-8beb-4040-b220-cec84ed65c04"]
[Result "1-0"]

1. e4 { [%clk 0:10:00] } e5 { [%clk 0:08:47] } 2. Nf3 { [%clk 0:10:01] } Nc6 {
[%clk 0:08:44] } 3. Nc3 { [%clk 0:10:00] } d5 { [%clk 0:08:42] } 4. exd5 {
[%clk 0:09:56] } Na5 { [%clk 0:08:24] } 5. Nxe5 { [%clk 0:09:55] } f6 { [%clk
0:08:20] } 6. Nf3 { [%clk 0:09:43] } Bg4 { [%clk 0:08:09] } 7. h3 { [%clk
0:09:35] } Bxf3 { [%clk 0:08:09] } 8. Qxf3 { [%clk 0:09:35] } Bb4 { [%clk
0:08:06] } 9. Qe4+ { [%clk 0:08:46] } Be7 { [%clk 0:07:53] } 10. a3 { [%clk
0:08:42] } Qd7 { [%clk 0:07:35] } 11. Bb5 { [%clk 0:08:31] } c6 { [%clk
0:07:31] } 12. dxc6 { [%clk 0:08:32] } bxc6 { [%clk 0:07:31] } 13. Ba4 { [%clk
0:08:25] } f5 { [%clk 0:07:26] } 14. Qe5 { [%clk 0:08:09] } Nc4 { [%clk
0:07:15] } 15. Qxg7 { [%clk 0:07:57] } Bf6 { [%clk 0:07:03] } 16. Qxf6 { [%clk
0:07:50] } Nxf6 { [%clk 0:07:01] } 17. O-O { [%clk 0:07:44] } O-O-O { [%clk
0:06:54] } 18. d3 { [%clk 0:07:38] } Ne5 { [%clk 0:06:54] } 19. Bf4 { [%clk
0:07:35] } Nf3+ { [%clk 0:06:42] } 20. Kh1 { [%clk 0:07:31] } Nd4 { [%clk
0:06:28] } 21. Be5 { [%clk 0:07:22] } Qf7 { [%clk 0:05:52] } 22. Bxd4 { [%clk
0:07:14] } Rxd4 { [%clk 0:05:50] } 23. Bxc6 { [%clk 0:07:04] } Qg6 { [%clk
0:05:25] } 24. Nb5 { [%clk 0:06:46] } Rg8 { [%clk 0:05:22] } 25. Rg1 { [%clk
0:06:34] } Rd6 { [%clk 0:05:10] } 26. Nxd6+ { [%clk 0:06:31] } Kc7 { [%clk
0:05:11] } 27. Nb5+ { [%clk 0:06:12] } Kxc6 { [%clk 0:05:10] } 28. Nxa7+ {
[%clk 0:06:12] } Kb7 { [%clk 0:05:10] } 29. Nb5 { [%clk 0:06:11] } Kb6 { [%clk
0:04:57] } 30. Nd4 { [%clk 0:06:01] } Nd5 { [%clk 0:04:55] } 31. Rae1 { [%clk
0:05:51] } f4 { [%clk 0:04:55] } 32. Re6+ { [%clk 0:05:46] } Qxe6 { [%clk
0:04:38] } 33. Nxe6 { [%clk 0:05:45] } Re8 { [%clk 0:04:34] } 34. Ng7 { [%clk
0:05:38] } Re2 { [%clk 0:04:31] } 35. Nf5 { [%clk 0:05:21] } Rxf2 { [%clk
0:04:26] } 36. Re1 { [%clk 0:05:12] } Rxc2 { [%clk 0:04:24] } 37. Re6+ { [%clk
0:04:58] } Kc5 { [%clk 0:04:21] } 38. Rh6 { [%clk 0:04:42] } Rxb2 { [%clk
0:04:16] } 39. Rh5 { [%clk 0:04:30] } Ne3 { [%clk 0:04:11] } 40. Nxe3+ { [%clk
0:04:29] } Kd4 { [%clk 0:04:07] } 41. Nf5+ { [%clk 0:04:27] } Kxd3 { [%clk
0:04:01] } 42. Nd6 { [%clk 0:04:21] } Ke2 { [%clk 0:03:58] } 43. Re5+ { [%clk
0:04:14] } Kf2 { [%clk 0:03:57] } 44. Ne4+ { [%clk 0:04:11] } Kf1 { [%clk
0:03:56] } 45. Nc3 { [%clk 0:04:03] } Rxg2 { [%clk 0:03:56] } 46. Ne4 { [%clk
0:03:51] } f3 { [%clk 0:03:53] } 47. Rc5 { [%clk 0:03:41] } Ke2 { [%clk
0:03:48] } 48. Rc2+ { [%clk 0:03:38] } Ke3 { [%clk 0:03:45] } 49. Rxg2 { [%clk
0:03:33] } fxg2+ { [%clk 0:03:45] } 50. Kxg2 { [%clk 0:03:34] } Kxe4 { [%clk
0:03:45] } 51. Kg3 { [%clk 0:03:36] } h6 { [%clk 0:03:43] } 52. h4 { [%clk
0:03:34] } Kf5 { [%clk 0:03:41] } 53. a4 { [%clk 0:03:35] } Ke6 { [%clk
0:03:39] } 54. Kg4 { [%clk 0:03:35] } Kd6 { [%clk 0:03:38] } 55. Kf5 { [%clk
0:03:36] } Kc6 { [%clk 0:03:37] } 56. Kg6 { [%clk 0:03:38] } Kb6 { [%clk
0:03:34] } 57. Kxh6 { [%clk 0:03:39] } Ka5 { [%clk 0:03:35] } 58. h5 { [%clk
0:03:41] } Kxa4 { [%clk 0:03:36] } 59. Kg6 { [%clk 0:03:43] } Kb5 { [%clk
0:03:38] } 60. h6 { [%clk 0:03:45] } Kc6 { [%clk 0:03:40] } 61. h7 { [%clk
0:03:46] } Kd7 { [%clk 0:03:41] } 62. h8=Q { [%clk 0:03:47] } Ke7 { [%clk
0:03:44] } 63. Qh7+ { [%clk 0:03:47] } Ke6 { [%clk 0:03:46] } 64. Qg8+ { [%clk
0:03:47] } Ke5 { [%clk 0:03:49] } 65. Qf8 { [%clk 0:03:47] } Kd5 { [%clk
0:03:51] } 66. Qe8 { [%clk 0:03:48] } Kd6 { [%clk 0:03:53] } 67. Kf5 { [%clk
0:03:49] } Kd5 { [%clk 0:03:54] } 68. Qd8+ { [%clk 0:03:51] } Kc4 { [%clk
0:03:54] } 69. Ke5 { [%clk 0:03:52] } Kc5 { [%clk 0:03:56] } 70. Qc8+ { [%clk
0:03:54] } Kb4 { [%clk 0:03:55] } 71. Kd5 { [%clk 0:03:53] } Kb5 { [%clk
0:03:56] } 72. Qb8+ { [%clk 0:03:55] } Ka6 { [%clk 0:03:56] } 73. Kc5 { [%clk
0:03:55] } Ka5 { [%clk 0:03:59] } 74. Qb5# { [%clk 0:03:56] } 1-0

[Event "Королевский Гамбит. Южный Федеральный округ."]
[Date "2025-11-21"]
[Round "4.6"]
[Board "6"]
[White "Михаил Асрян"]
[WhiteElo "980"]
[Black "Алёхин Кирилл"]
[BlackElo "1029"]
[WebSite "https://www.chessopen.ru"]
[GameId "170f839b-d0e8-4591-bc27-b57d4c2a5ef7"]
[Result "0-1"]

1. e4 { [%clk 0:10:00] } e5 { [%clk 0:10:00] } 2. Nf3 { [%clk 0:10:00] } Nc6 {
[%clk 0:10:01] } 3. Nc3 { [%clk 0:10:02] } Nf6 { [%clk 0:10:02] } 4. d3 { [%clk
0:09:58] } Bb4 { [%clk 0:09:59] } 5. a3 { [%clk 0:09:56] } Bxc3+ { [%clk
0:09:56] } 6. bxc3 { [%clk 0:09:55] } O-O { [%clk 0:09:55] } 7. d4 { [%clk
0:09:41] } exd4 { [%clk 0:09:55] } 8. cxd4 { [%clk 0:09:40] } h6 { [%clk
0:09:55] } 9. Bc4 { [%clk 0:09:27] } Nxe4 { [%clk 0:09:45] } 10. Bd5 { [%clk
0:08:32] } Nc3 { [%clk 0:09:18] } 11. Qd3 { [%clk 0:08:08] } Nxd5 { [%clk
0:09:18] } 12. Qc4 { [%clk 0:07:21] } Nb6 { [%clk 0:09:11] } 13. Qc5 { [%clk
0:07:00] } d6 { [%clk 0:09:03] } 14. Qh5 { [%clk 0:06:32] } Re8+ { [%clk
0:08:50] } 15. Be3 { [%clk 0:06:02] } Nc4 { [%clk 0:08:33] } 16. a4 { [%clk
0:05:00] } Nxe3 { [%clk 0:08:30] } 17. fxe3 { [%clk 0:05:00] } Rxe3+ { [%clk
0:08:24] } 18. Kf2 { [%clk 0:04:57] } Rc3 { [%clk 0:08:22] } 19. Rac1 { [%clk
0:04:52] } Qe7 { [%clk 0:08:15] } 20. Rhe1 { [%clk 0:04:37] } Qf6 { [%clk
0:07:26] } 21. Re8+ { [%clk 0:03:42] } Kh7 { [%clk 0:07:18] } 22. Rce1 { [%clk
0:03:30] } Nxd4 { [%clk 0:07:06] } 23. Qg4 { [%clk 0:02:32] } Bxg4 { [%clk
0:06:58] } 24. R1e2 { [%clk 0:02:25] } Bxf3 { [%clk 0:06:51] } 25. Rxa8 { [%clk
0:02:19] } Bxe2+ { [%clk 0:06:49] } 26. Ke1 { [%clk 0:02:11] } Qf1+ { [%clk
0:06:22] } 27. Kd2 { [%clk 0:02:07] } Rxc2+ { [%clk 0:06:12] } 28. Ke3 { [%clk
0:02:05] } Nf5+ { [%clk 0:05:55] } 29. Ke4 { [%clk 0:01:59] } Rc4+ { [%clk
0:05:52] } 30. Kd5 { [%clk 0:01:59] } Qd1# { [%clk 0:05:46] } 0-1

[Event "Королевский Гамбит. Южный Федеральный округ."]
[Date "2025-11-21"]
[Round "4.6"]
[Board "6"]
[White "Пилипчук Юля"]
[WhiteElo "991"]
[Black "Уманцев Дмитрий"]
[BlackElo "1028"]
[WebSite "https://www.chessopen.ru"]
[GameId "8057cf87-4535-47f3-a67e-11773a2133d3"]
[Result "0-1"]

1. e4 { [%clk 0:09:59] } c5 { [%clk 0:10:00] } 2. Nf3 { [%clk 0:09:59] } d6 {
[%clk 0:10:01] } 3. Bc4 { [%clk 0:09:57] } Nf6 { [%clk 0:10:01] } 4. Nc3 {
[%clk 0:09:55] } g6 { [%clk 0:10:01] } 5. d3 { [%clk 0:09:54] } Bg7 { [%clk
0:10:02] } 6. Be3 { [%clk 0:09:54] } O-O { [%clk 0:10:03] } 7. O-O { [%clk
0:09:54] } Nc6 { [%clk 0:10:03] } 8. h3 { [%clk 0:09:54] } Bd7 { [%clk 0:10:03]
} 9. Qe2 { [%clk 0:09:52] } a6 { [%clk 0:10:03] } 10. Rfe1 { [%clk 0:09:53] }
b5 { [%clk 0:10:03] } 11. Bb3 { [%clk 0:09:50] } b4 { [%clk 0:09:55] } 12. Nd5
{ [%clk 0:09:31] } a5 { [%clk 0:09:52] } 13. Rab1 { [%clk 0:09:11] } a4 { [%clk
0:09:49] } 14. Bc4 { [%clk 0:09:11] } e6 { [%clk 0:09:29] } 15. Nxf6+ { [%clk
0:09:01] } Bxf6 { [%clk 0:09:26] } 16. Bh6 { [%clk 0:08:53] } Bg7 { [%clk
0:09:19] } 17. Bg5 { [%clk 0:08:51] } Qc7 { [%clk 0:08:53] } 18. Qe3 { [%clk
0:08:38] } Nd4 { [%clk 0:08:46] } 19. Nxd4 { [%clk 0:08:13] } Bxd4 { [%clk
0:08:45] } 20. Qf3 { [%clk 0:08:02] } Bg7 { [%clk 0:08:41] } 21. a3 { [%clk
0:07:28] } bxa3 { [%clk 0:08:34] } 22. bxa3 { [%clk 0:07:26] } Rab8 { [%clk
0:08:33] } 23. Rbd1 { [%clk 0:07:11] } Rb2 { [%clk 0:08:10] } 24. Rd2 { [%clk
0:06:42] } Bc3 { [%clk 0:08:07] } 25. Rde2 { [%clk 0:05:54] } Bxe1 { [%clk
0:07:58] } 26. Rxe1 { [%clk 0:05:54] } Rxc2 { [%clk 0:07:30] } 27. Bh6 { [%clk
0:05:50] } Qd8 { [%clk 0:07:07] } 28. Bg5 { [%clk 0:05:34] } Qxg5 { [%clk
0:06:41] } 29. Rb1 { [%clk 0:03:29] } Rc1+ { [%clk 0:06:36] } 30. Rxc1 { [%clk
0:03:21] } Qxc1+ { [%clk 0:06:39] } 31. Kh2 { [%clk 0:03:23] } Qxa3 { [%clk
0:06:10] } 32. h4 { [%clk 0:03:00] } Qb2 { [%clk 0:06:08] } 33. h5 { [%clk
0:02:47] } Qe5+ { [%clk 0:06:05] } 34. g3 { [%clk 0:02:33] } Qxh5+ { [%clk
0:06:05] } 35. Kg2 { [%clk 0:02:27] } Qxf3+ { [%clk 0:06:03] } 36. Kxf3 { [%clk
0:02:20] } a3 { [%clk 0:06:04] } 37. Ke2 { [%clk 0:02:11] } Ra8 { [%clk
0:06:03] } 38. Ba2 { [%clk 0:02:07] } e5 { [%clk 0:06:01] } 39. Ke3 { [%clk
0:01:57] } Be6 { [%clk 0:06:02] } 40. Bxe6 { [%clk 0:01:36] } fxe6 { [%clk
0:06:00] } 41. f4 { [%clk 0:01:31] } exf4+ { [%clk 0:05:51] } 42. gxf4 { [%clk
0:01:23] } a2 { [%clk 0:05:52] } 0-1

[Event "Королевский Гамбит. Южный Федеральный округ."]
[Date "2025-11-21"]
[Round "4.6"]
[Board "6"]
[White "Рыжков Вячеслав"]
[WhiteElo "979"]
[Black "Бобчук Захар"]
[BlackElo "980"]
[WebSite "https://www.chessopen.ru"]
[GameId "a48bd697-6bd6-47b5-877d-d9005ea4dd96"]
[Result "1-0"]

1. e3 { [%clk 0:09:59] } e5 { [%clk 0:09:59] } 2. Nf3 { [%clk 0:10:00] } Bb4 {
[%clk 0:09:49] } 3. a3 { [%clk 0:10:00] } Bxd2+ { [%clk 0:09:41] } 4. Bxd2 {
[%clk 0:09:59] } Nf6 { [%clk 0:09:35] } 5. Nc3 { [%clk 0:09:59] } Nc6 { [%clk
0:09:35] } 6. Bb5 { [%clk 0:09:58] } Na5 { [%clk 0:09:21] } 7. O-O { [%clk
0:09:54] } Ng4 { [%clk 0:09:19] } 8. h3 { [%clk 0:09:49] } Nxf2 { [%clk
0:09:12] } 9. Rxf2 { [%clk 0:09:48] } Nc4 { [%clk 0:09:04] } 10. Bxc4 { [%clk
0:09:42] } O-O { [%clk 0:09:00] } 11. Nxe5 { [%clk 0:09:34] } d6 { [%clk
0:08:48] } 12. Nxf7 { [%clk 0:09:30] } Qh4 { [%clk 0:08:40] } 13. Nh6+ { [%clk
0:09:22] } Kh8 { [%clk 0:08:31] } 14. Rxf8# { [%clk 0:09:22] } 1-0

[Event "Королевский Гамбит. Южный Федеральный округ."]
[Date "2025-11-21"]
[Round "4.6"]
[Board "6"]
[White "Шведов Глеб"]
[WhiteElo "1020"]
[Black "Желтобрюхов ярослав"]
[BlackElo "989"]
[WebSite "https://www.chessopen.ru"]
[GameId "fa167439-88c5-405f-9c2b-bfab067d8118"]
[Result "1-0"]

1. g4 { [%clk 0:10:01] } e6 { [%clk 0:10:00] } 2. Bg2 { [%clk 0:10:01] } c6 {
[%clk 0:10:01] } 3. b3 { [%clk 0:10:02] } Qf6 { [%clk 0:10:02] } 4. Nc3 { [%clk
0:10:02] } Bc5 { [%clk 0:10:02] } 5. Nf3 { [%clk 0:09:51] } Nh6 { [%clk
0:10:02] } 6. g5 { [%clk 0:09:31] } Qf4 { [%clk 0:09:36] } 7. gxh6 { [%clk
0:09:25] } gxh6 { [%clk 0:09:33] } 8. d4 { [%clk 0:09:19] } Qf5 { [%clk
0:09:21] } 9. dxc5 { [%clk 0:09:19] } Qxc5 { [%clk 0:09:21] } 10. Bb2 { [%clk
0:09:21] } O-O { [%clk 0:09:17] } 11. Rg1 { [%clk 0:09:16] } d5 { [%clk
0:09:03] } 12. Bh3+ { [%clk 0:09:05] } Kh8 { [%clk 0:09:04] } 13. Nxd5+ { [%clk
0:09:05] } f6 { [%clk 0:08:51] } 14. Nxf6 { [%clk 0:09:03] } Rxf6 { [%clk
0:08:51] } 15. Bxf6# { [%clk 0:09:03] } 1-0

[Event "Королевский Гамбит. Южный Федеральный округ."]
[Date "2025-11-21"]
[Round "4.7"]
[Board "7"]
[White "Алёхина Дарья"]
[WhiteElo "1029"]
[Black "Асрян Владимир"]
[BlackElo "1000"]
[WebSite "https://www.chessopen.ru"]
[GameId "3a34da28-65c8-45c0-8726-cfe7f98c1ef2"]
[Result "0-1"]

1. e4 { [%clk 0:10:01] } e5 { [%clk 0:10:00] } 2. Nf3 { [%clk 0:10:01] } Nc6 {
[%clk 0:10:02] } 3. Bb5 { [%clk 0:10:02] } Nf6 { [%clk 0:09:57] } 4. Nc3 {
[%clk 0:09:59] } a6 { [%clk 0:09:58] } 5. Bxc6 { [%clk 0:10:00] } dxc6 { [%clk
0:09:59] } 6. Nxe5 { [%clk 0:10:01] } Bd6 { [%clk 0:09:54] } 7. Nf3 { [%clk
0:09:59] } Bg4 { [%clk 0:09:52] } 8. h3 { [%clk 0:09:53] } Bxf3 { [%clk
0:09:53] } 9. Qxf3 { [%clk 0:09:53] } O-O { [%clk 0:09:54] } 10. O-O { [%clk
0:09:54] } Qe7 { [%clk 0:09:52] } 11. d3 { [%clk 0:09:54] } Qe5 { [%clk
0:09:54] } 12. g3 { [%clk 0:09:28] } Nh5 { [%clk 0:09:38] } 13. Qg2 { [%clk
0:08:55] } Rae8 { [%clk 0:09:11] } 14. g4 { [%clk 0:08:55] } Nf4 { [%clk
0:09:04] } 15. Qh2 { [%clk 0:08:41] } Ne2+ { [%clk 0:08:28] } 16. Kg2 { [%clk
0:08:06] } Qxh2+ { [%clk 0:08:25] } 17. Kf3 { [%clk 0:08:07] } Nxc1 { [%clk
0:08:07] } 18. Raxc1 { [%clk 0:08:05] } Bc5 { [%clk 0:07:56] } 19. a3 { [%clk
0:07:44] } Qxh3+ { [%clk 0:07:50] } 20. Ke2 { [%clk 0:07:39] } Qxg4+ { [%clk
0:07:29] } 21. f3 { [%clk 0:07:37] } Qg2+ { [%clk 0:07:24] } 22. Rf2 { [%clk
0:07:39] } Qxf2+ { [%clk 0:07:22] } 23. Kd1 { [%clk 0:07:38] } Be3 { [%clk
0:07:12] } 24. Rb1 { [%clk 0:07:22] } Qd2# { [%clk 0:07:11] } 0-1

[Event "Королевский Гамбит. Южный Федеральный округ."]
[Date "2025-11-21"]
[Round "4.7"]
[Board "7"]
[White "Ахмедов Эльдар"]
[WhiteElo "1020"]
[Black "Лысенко Мария"]
[BlackElo "990"]
[WebSite "https://www.chessopen.ru"]
[GameId "4dded726-768d-4997-b04a-b9fa056b4466"]
[Result "1-0"]

1. e4 { [%clk 0:09:56] } Nc6 { [%clk 0:09:58] } 2. Nc3 { [%clk 0:09:55] } Nf6 {
[%clk 0:09:57] } 3. d3 { [%clk 0:09:56] } g6 { [%clk 0:09:57] } 4. Nf3 { [%clk
0:09:53] } Bg7 { [%clk 0:09:57] } 5. Bg5 { [%clk 0:09:45] } O-O { [%clk
0:09:57] } 6. Be2 { [%clk 0:09:44] } h6 { [%clk 0:09:58] } 7. Be3 { [%clk
0:09:42] } b5 { [%clk 0:09:43] } 8. d4 { [%clk 0:09:31] } b4 { [%clk 0:09:42] }
9. Nb1 { [%clk 0:08:56] } Nxe4 { [%clk 0:09:38] } 10. d5 { [%clk 0:08:31] } Na5
{ [%clk 0:09:35] } 11. Nbd2 { [%clk 0:08:02] } c6 { [%clk 0:09:27] } 12. Nxe4 {
[%clk 0:07:59] } cxd5 { [%clk 0:09:27] } 13. Qxd5 { [%clk 0:07:54] } Nb7 {
[%clk 0:09:22] } 14. Ba6 { [%clk 0:07:49] } e6 { [%clk 0:09:20] } 15. Qb3 {
[%clk 0:07:28] } Nd6 { [%clk 0:09:12] } 16. Bxc8 { [%clk 0:07:07] } Nxe4 {
[%clk 0:09:07] } 17. Bb7 { [%clk 0:06:56] } Rb8 { [%clk 0:09:04] } 18. Bxe4 {
[%clk 0:06:57] } a5 { [%clk 0:08:58] } 19. Bc5 { [%clk 0:06:49] } f5 { [%clk
0:08:38] } 20. Bxf8 { [%clk 0:06:39] } Bxf8 { [%clk 0:08:33] } 21. Bd3 { [%clk
0:06:38] } d5 { [%clk 0:08:19] } 22. Ne5 { [%clk 0:06:33] } Bg7 { [%clk
0:08:16] } 23. Nc6 { [%clk 0:06:34] } Qc8 { [%clk 0:08:15] } 24. Nxb8 { [%clk
0:06:34] } Qxb8 { [%clk 0:08:00] } 25. O-O { [%clk 0:06:25] } Qa8 { [%clk
0:07:42] } 26. Rfe1 { [%clk 0:06:18] } a4 { [%clk 0:07:39] } 27. Qxb4 { [%clk
0:06:12] } e5 { [%clk 0:07:24] } 28. Qe7 { [%clk 0:06:01] } Bf8 { [%clk
0:07:20] } 29. Qxe5 { [%clk 0:05:58] } Bg7 { [%clk 0:07:18] } 30. Qe8+ { [%clk
0:05:58] } Qxe8 { [%clk 0:06:47] } 31. Rxe8+ { [%clk 0:05:58] } Bf8 { [%clk
0:06:47] } 32. Rxf8+ { [%clk 0:05:59] } Kxf8 { [%clk 0:06:47] } 33. Re1 { [%clk
0:05:59] } Kf7 { [%clk 0:06:45] } 34. Bb5 { [%clk 0:05:57] } Kg7 { [%clk
0:06:41] } 35. Bxa4 { [%clk 0:05:58] } d4 { [%clk 0:06:22] } 36. b4 { [%clk
0:05:51] } Kh7 { [%clk 0:06:08] } 37. Re7+ { [%clk 0:05:44] } Kh8 { [%clk
0:06:05] } 38. b5 { [%clk 0:05:45] } Kg8 { [%clk 0:06:00] } 39. b6 { [%clk
0:05:45] } Kf8 { [%clk 0:05:59] } 40. Re8+ { [%clk 0:05:47] } Kf7 { [%clk
0:05:49] } 41. b7 { [%clk 0:05:48] } Kg7 { [%clk 0:04:52] } 42. b8=Q { [%clk
0:05:45] } Kf6 { [%clk 0:04:51] } 43. Qe5+ { [%clk 0:05:44] } Kf7 { [%clk
0:04:47] } 44. Bb3# { [%clk 0:05:44] } 1-0